|
|
|
|
| LEADER |
01491nam a2200385 a 4500 |
| 001 |
000907771 |
| 003 |
CZ BrMZK |
| 005 |
20080829145258.0 |
| 007 |
ta |
| 008 |
080807s2008 au ach e 001 0 ger |
| 020 |
|
|
|a 978-3-901644-28-3
|q (váz.)
|
| 040 |
|
|
|a BOA001
|b cze
|
| 043 |
|
|
|a n-us---
|
| 072 |
|
7 |
|a 929
|x Biografie
|2 Konspekt
|9 8
|
| 080 |
|
|
|a 929
|2 MRF
|
| 080 |
|
|
|a 791.635-055.2
|2 MRF
|
| 080 |
|
|
|a 821.112.2(436)-051
|2 MRF
|
| 080 |
|
|
|a (73)
|2 MRF
|
| 080 |
|
|
|a (044)
|2 MRF
|
| 245 |
0 |
0 |
|a "Schreib. Nein, schreib nicht." :
|b Marlene Dietrich - Friedrich Torberg, Briefwechsel 1946-1979 /
|c Hg. von Marcel Atze
|
| 246 |
3 |
0 |
|a Marlene Dietrich - Friedrich Torberg, Briefwechsel 1946-1979
|
| 260 |
|
|
|a Wien :
|b Wienbibliothek im Rathaus :
|b Synema,
|c c2008
|
| 300 |
|
|
|a 271 s. :
|b il., portréty, faksim. ;
|c 27 cm
|
| 504 |
|
|
|a Obsahuje bibliografii, bibliografické odkazy a rejstřík
|
| 600 |
1 |
7 |
|a Dietrich, Marlene,
|d 1901-1992
|7 jn20000700400
|2 czenas
|
| 600 |
1 |
7 |
|a Torberg, Friedrich,
|d 1908-1979
|7 jo20000069683
|2 czenas
|
| 648 |
|
4 |
|a 1946-1979
|
| 650 |
0 |
7 |
|a filmové herečky
|7 ph120196
|z Spojené státy americké
|y 20. stol.
|2 czenas
|
| 650 |
0 |
7 |
|a rakouští spisovatelé
|7 ph125026
|y 20. stol.
|2 czenas
|
| 655 |
|
7 |
|a korespondence
|7 fd132681
|2 czenas
|
| 700 |
1 |
|
|a Atze, Marcel,
|d 1967-
|7 jn20001005402
|4 edt
|
| 910 |
2 |
|
|a BOA001
|b 3-1206.675
|
| 990 |
|
|
|a BK
|
| 991 |
|
|
|b 200808
|
| 996 |
7 |
|
|b 2610350810
|c 3-1206.675
|l MZK
|r Sklad / do 1 hodiny
|n 0
|p dar
|w 000907771
|u 000010
|a 1
|e BOA001
|j MZK50
|s A
|